<?xml version="1.0" encoding="UTF-8"?>
<record
    xmlns:xsi="http://www.w3.org/2001/XMLSchema-instance"
    xsi:schemaLocation="http://www.loc.gov/MARC21/slim http://www.loc.gov/standards/marcxml/schema/MARC21slim.xsd"
    xmlns="http://www.loc.gov/MARC21/slim">

  <leader>00779nam a22001337a 4500</leader>
  <datafield tag="040" ind1=" " ind2=" ">
    <subfield code="c">RUA</subfield>
  </datafield>
  <datafield tag="082" ind1=" " ind2=" ">
    <subfield code="a">LMA OUC 2015 B529 Or.1</subfield>
  </datafield>
  <datafield tag="100" ind1=" " ind2=" ">
    <subfield code="a">OUCH CHHANG; &#x17A2;&#x17CA;&#x17BC;&#x1785; &#x1786;&#x17B6;&#x1784;</subfield>
  </datafield>
  <datafield tag="245" ind1=" " ind2=" ">
    <subfield code="a">Study on challenging of indegenous people community land registretion at okaok village, okreang commune, sambo district, kratie province; &#x179F;&#x17B7;&#x1780;&#x17D2;&#x179F;&#x17B6;&#x17A2;&#x17C6;&#x1796;&#x17B8;&#x1794;&#x1789;&#x17D2;&#x17A0;&#x17B6;&#x1794;&#x17D2;&#x179A;&#x1788;&#x1798;&#x1785;&#x17C6;&#x1796;&#x17C4;&#x17C7;&#x1780;&#x17B6;&#x179A;&#x1785;&#x17BB;&#x17C7;&#x1794;&#x1789;&#x17D2;&#x1787;&#x17B8;&#x178A;&#x17B8;&#x1792;&#x17D2;&#x179B;&#x17B8;&#x179A;&#x1794;&#x179F;&#x17CB;&#x179F;&#x17A0;&#x1782;&#x1798;&#x1793;&#x17CF;&#x1787;&#x1793;&#x1787;&#x17B6;&#x178F;&#x17B7;&#x178A;&#x17BE;&#x1798;&#x1797;&#x17B6;&#x1782;&#x178F;&#x17B7;&#x1785;&#x1793;&#x17C5;&#x1797;&#x17BC;&#x1798;&#x17B7;&#x17A2;&#x17BC;&#x179A;&#x1780;&#x1780;&#x17CB; &#x1783;&#x17BB;&#x17C6;&#x17A2;&#x17BC;&#x179A;&#x1782;&#x17D2;&#x179A;&#x17C0;&#x1784; &#x179F;&#x17D2;&#x179A;&#x17BB;&#x1780;&#x179F;&#x17C6;&#x1794;&#x17BC;&#x179A; &#x1781;&#x17C1;&#x178F;&#x17D2;&#x178F;&#x1780;&#x17D2;&#x179A;&#x1785;&#x17C1;&#x17C7;</subfield>
  </datafield>
  <datafield tag="260" ind1=" " ind2=" ">
    <subfield code="a">PHNOM PENH</subfield>
    <subfield code="b">OUC</subfield>
    <subfield code="c">2015</subfield>
  </datafield>
  <datafield tag="300" ind1=" " ind2=" ">
    <subfield code="a">x;45p.</subfield>
    <subfield code="b">ill.</subfield>
    <subfield code="c">29cm.</subfield>
  </datafield>
  <datafield tag="856" ind1=" " ind2=" ">
    <subfield code="u">OUCH CHHANG</subfield>
  </datafield>
  <datafield tag="942" ind1=" " ind2=" ">
    <subfield code="c">LMA</subfield>
  </datafield>
  <datafield tag="999" ind1=" " ind2=" ">
    <subfield code="c">10816</subfield>
    <subfield code="d">10816</subfield>
  </datafield>
  <datafield tag="952" ind1=" " ind2=" ">
    <subfield code="0">0</subfield>
    <subfield code="1">0</subfield>
    <subfield code="2">ddc</subfield>
    <subfield code="4">0</subfield>
    <subfield code="6">LMA_OUC_2015_000000000000000_B529_OR_1</subfield>
    <subfield code="7">0</subfield>
    <subfield code="9">56535</subfield>
    <subfield code="a">LBB</subfield>
    <subfield code="b">LBB</subfield>
    <subfield code="c">B529</subfield>
    <subfield code="d">2016-11-10</subfield>
    <subfield code="o">LMA OUC 2015 B529 Or.1</subfield>
    <subfield code="p">A03291</subfield>
    <subfield code="r">2016-11-10</subfield>
    <subfield code="w">2016-11-10</subfield>
    <subfield code="y">LMA</subfield>
  </datafield>
  <datafield tag="952" ind1=" " ind2=" ">
    <subfield code="0">0</subfield>
    <subfield code="1">0</subfield>
    <subfield code="2">ddc</subfield>
    <subfield code="4">0</subfield>
    <subfield code="6">LMA_OUC_2015_000000000000000_B529_OR_2</subfield>
    <subfield code="7">0</subfield>
    <subfield code="9">56536</subfield>
    <subfield code="a">LBB</subfield>
    <subfield code="b">LBB</subfield>
    <subfield code="c">B529</subfield>
    <subfield code="d">2016-11-10</subfield>
    <subfield code="o">LMA OUC 2015 B529 Or.2</subfield>
    <subfield code="p">A03877</subfield>
    <subfield code="r">2016-11-10</subfield>
    <subfield code="w">2016-11-10</subfield>
    <subfield code="y">LMA</subfield>
  </datafield>
  <datafield tag="952" ind1=" " ind2=" ">
    <subfield code="0">0</subfield>
    <subfield code="1">0</subfield>
    <subfield code="2">ddc</subfield>
    <subfield code="4">0</subfield>
    <subfield code="6">LMA_OUC_2015_000000000000000_B529_OR_3</subfield>
    <subfield code="7">0</subfield>
    <subfield code="9">56537</subfield>
    <subfield code="a">LBB</subfield>
    <subfield code="b">LBB</subfield>
    <subfield code="c">B529</subfield>
    <subfield code="d">2016-11-10</subfield>
    <subfield code="o">LMA OUC 2015 B529 Or.3</subfield>
    <subfield code="p">A03744</subfield>
    <subfield code="r">2016-11-10</subfield>
    <subfield code="w">2016-11-10</subfield>
    <subfield code="y">LMA</subfield>
  </datafield>
  <datafield tag="952" ind1=" " ind2=" ">
    <subfield code="0">0</subfield>
    <subfield code="1">0</subfield>
    <subfield code="2">ddc</subfield>
    <subfield code="4">0</subfield>
    <subfield code="6">LMA_OUC_2015_000000000000000_B529_OR_4</subfield>
    <subfield code="7">0</subfield>
    <subfield code="9">56538</subfield>
    <subfield code="a">LBB</subfield>
    <subfield code="b">LBB</subfield>
    <subfield code="c">B529</subfield>
    <subfield code="d">2016-11-10</subfield>
    <subfield code="l">1</subfield>
    <subfield code="o">LMA OUC 2015 B529 Or.4</subfield>
    <subfield code="p">A03791</subfield>
    <subfield code="r">2020-08-11</subfield>
    <subfield code="s">2020-06-01</subfield>
    <subfield code="w">2016-11-10</subfield>
    <subfield code="y">LMA</subfield>
  </datafield>
  <datafield tag="952" ind1=" " ind2=" ">
    <subfield code="0">0</subfield>
    <subfield code="1">0</subfield>
    <subfield code="2">ddc</subfield>
    <subfield code="4">0</subfield>
    <subfield code="6">LMA_OUC_2015_000000000000000_B529_OR_5</subfield>
    <subfield code="7">0</subfield>
    <subfield code="9">56539</subfield>
    <subfield code="a">LBB</subfield>
    <subfield code="b">LBB</subfield>
    <subfield code="c">B529</subfield>
    <subfield code="d">2016-11-10</subfield>
    <subfield code="o">LMA OUC 2015 B529 Or.5</subfield>
    <subfield code="p">A03293</subfield>
    <subfield code="r">2016-11-10</subfield>
    <subfield code="w">2016-11-10</subfield>
    <subfield code="y">LMA</subfield>
  </datafield>
  <datafield tag="952" ind1=" " ind2=" ">
    <subfield code="0">0</subfield>
    <subfield code="1">0</subfield>
    <subfield code="2">ddc</subfield>
    <subfield code="4">0</subfield>
    <subfield code="6">LMA_OUC_2015_000000000000000_B529_OR_6</subfield>
    <subfield code="7">0</subfield>
    <subfield code="9">56540</subfield>
    <subfield code="a">LBB</subfield>
    <subfield code="b">LBB</subfield>
    <subfield code="c">B529</subfield>
    <subfield code="d">2016-11-10</subfield>
    <subfield code="o">LMA OUC 2015 B529 Or.6</subfield>
    <subfield code="p">A03717</subfield>
    <subfield code="r">2016-11-10</subfield>
    <subfield code="w">2016-11-10</subfield>
    <subfield code="y">LMA</subfield>
  </datafield>
  <datafield tag="952" ind1=" " ind2=" ">
    <subfield code="0">0</subfield>
    <subfield code="1">0</subfield>
    <subfield code="2">ddc</subfield>
    <subfield code="4">0</subfield>
    <subfield code="6">LMA_OUC_2015_000000000000000_B529_OR_7</subfield>
    <subfield code="7">0</subfield>
    <subfield code="9">56541</subfield>
    <subfield code="a">LBB</subfield>
    <subfield code="b">LBB</subfield>
    <subfield code="c">B529</subfield>
    <subfield code="d">2016-11-10</subfield>
    <subfield code="o">LMA OUC 2015 B529 Or.7</subfield>
    <subfield code="p">A03716</subfield>
    <subfield code="r">2016-11-10</subfield>
    <subfield code="w">2016-11-10</subfield>
    <subfield code="y">LMA</subfield>
  </datafield>
</record>
